000 00337nam a2200097Ia 4500
008 220120s9999||||xx |||||||||||||| ||und||
100 _aJaise Mariya Thomas and others
_912616
245 0 _aColor pass: an intelligent user interface to resist shoulder
260 _aCoorg Institute of Technology
_bPonnampet
_c2016
650 _aCOMPUTER SCIENCE
999 _c138214
_d138214